000 00638nam a2200181 a 4500
001 000028769
005 20200930055127.0
008 110412s1987 dr 000 0 spa d
040 _aDO-SdBNP
_bspa
_cBNPHU
082 _axxx
_bC3978e
110 2 _aCentro Nacional de Investigaciones en Salud Materno Infantil
_955757
245 1 0 _aEstado actual de la lactancia materna en la República Dominicana /
_ceditor Hugo R. Mendoza.
260 _aSanto Domingo :
_bCENISMI,
_c1987.
300 _a15 p. ;
_c28 cm.
490 1 _aReuniones técnicas ;
_vv. 2
700 1 _aMendoza, Hugo R.,
_eed.
_96390
830 0 _aReuniones técnicas ;
_vv. 2
_955759
999 _c28261
_d28261